Cricket: Top Test Match Bowlers in 2016 - Statistics

General Stats
  • This quiz has been taken 114 times
  • The average score is 12 of 21
Answer Stats
Hint Answer % Correct
ENG James Anderson
92%
ENG Stuart Broad
92%
AUS Mitchell Starc
91%
IND Ravi Ashwin
91%
AUS Nathan Lyon
76%
SA Dale Steyn
73%
AUS Josh Hazlewood
73%
SA Kagiso Rabada
72%
IND Ravi Jadeja
72%
SL Rangana Herath
70%
ENG Chris Woakes
58%
SA Vernon Philander
55%
NZ Neil Wagner
52%
BAN Shakib Al Hasan
52%
PAK Yasir Shah
47%
WI Miguel Cummins
46%
BAN Mehedi Hasan Miraz
34%
IND Bhuvneshwar Kumar
31%
WI Devendra Bishoo
18%
NZ Colin de Grandhomme
12%
SA Kyle Abbott
11%
No matching quizzes found
Score Distribution
Percent of People with Each Score
Percentile by Number Answered
Your Score History
You have not taken this quiz